Municipios con Mercadona (Madrid) - Estadísticas

Estadísticas generales
  • Esta prueba ha sido intentada 145 veces
    142 desde el último reinicio
  • La puntuación promedio es 31 de 51
Estadísticas de respuestas
Provincia Municipio Población % Correcto
Madrid Madrid 3.506.730
99%
Alcalá de Henares 203.208
97%
Móstoles 214.817
95%
Alcorcón 175.719
93%
Fuenlabrada 190.076
93%
Getafe 193.238
93%
Leganés 195.734
91%
Valdemoro 85.972
87%
Pinto 56.651
86%
Parla 137.471
85%
Alcobendas 123.342
84%
Las Rozas de Madrid 99.037
83%
Rivas-Vaciamadrid 103.148
83%
San Sebastián de los Reyes 96.992
83%
Majadahonda 73.625
81%
Coslada 80.512
80%
Torrejón de Ardoz 143.526
80%
Torrejón de la Calzada 10.653
80%
Pozuelo de Alarcón 89.770
79%
Aranjuez 63.040
78%
San Fernando de Henares 39.059
76%
Collado Villalba 67.274
74%
El Escorial 17.171
69%
Arganda del Rey 60.419
68%
Tres Cantos 54.592
68%
Colmenar Viejo 58.730
66%
Navalcarnero 33.331
65%
Boadilla del Monte 66.349
63%
Torrelodones 25.433
53%
San Martín de la Vega 21.010
51%
San Martín de Valdeiglesias 9.324
51%
Villaviciosa de Odón 30.127
50%
Humanes de Madrid 20.500
49%
Villanueva de la Cañada 24.028
48%
Villanueva del Pardillo 18.466
48%
Mejorada del Campo 25.049
47%
Ciempozuelos 26.350
46%
Galapagar 36.758
46%
Paracuellos de Jarama 27.650
45%
Arroyomolinos 38.075
44%
Meco 15.922
43%
San Agustín de Guadalix 13.825
40%
Daganzo de Arriba 10.764
28%
Valdemorillo 14.420
23%
Colmenarejo 9.640
21%
Cubas de la Sagra 7.238
21%
Sevilla la Nueva 9.802
19%
Villarejo de Salvanés 8.042
19%
Moralzarzal 14.772
18%
Fuente el Saz de Jarama 7.413
17%
Villalbilla 18.687
13%
No se encontraron pruebas coincidentes
Distribución de puntuación
Porcentaje de gente con cada puntuación
Porcentaje por número respondido
Historial de tus puntuaciones
No has intentado esta prueba desde el último reinicio